00801nam a22002297a 4500003000500000005001700005008004100022010001000063011001000073035001000083040000900093082001800102110009600120245002100216260004500237300000700282500011100289500005100400650004500451650004600496650002900542CHAP20220329134738.0971013c19591975 r 00010 d a25184 a26156 a30256 cCHAP a631.0913bC64 aCommonwealth Scientific and Industrial Research Organization. Division of Tropical Agronomy aAnnual report... aBrisbane :bThe Commonwealth,c1959-1975 av. ac.c. Commonwealth Scientific and Industrial Research Organization. Division of Tropical Crops and Pastures aLa biblioteca tiene: 1972-73, 1973-74, 1974-7514aAgriculturaxInvestigaciónxAustralia.14aAgriculturaxInvestigaciónxTrópicos.14aAgriculturaxTrópicos.